000 01592nam0a2200373 4500
001 RU\NLR\BIBL_A\022435219
005 20260405202055.0
035 _a(NLR Aleph) 022435219
090 _a13347795
_c13347795
100 _a20250124d1991 |||y0rusy50 ca
101 0 _alit
102 _aLT
105 _aah z 000yy
181 0 _ai3
_baxxe
182 0 _an
200 1 _aSaulės giesmė
_e[šventasis Pranciškus Asyžietis kaip krikščioniškojo gyvenimo šauklys]
_fAntanas Maceina
203 _aТекст
_bвизуальный
_cнепосредственный
205 _a2-as fotogr. leid.
210 _aVilnius
_cKatalikų pasaulis
_d1991
215 _a454 с.
_cил., факс.
_d21
225 1 _aGyvoji dvasia
_v3
541 1 _6z01790
_a[Песня Солнца
_eСвятой Франциск Ассизский как вестник христианской жизни]
_zrus
600 0 _aФранциск Ассизский
_f1182 - 1226
_91654405
_3RU\NLR\AUTH\661031190
686 1 _aШ5(4Ит)42-4Франциск Ассизский
686 2 _aЭ375-574.8
700 1 _4070
_7ba
_8lit
_aMaceina
_bA.
_f1908-1987
_gAntanas
_9248407
_3RU\NLR\AUTH\770248463
702 0 _4570
_7ba
_8ita
_aFrancesco d'Assisi
_cсвятой
_f1182-1226
_972503
_3RU\NLR\AUTH\7789576
790 1 _4070
_7ca
_8rus
_aМацейна
_bА.
_f1908-1987
_gАнтанас
_9248404
_3RU\NLR\AUTH\770248460
942 _cBOOK
980 _aNB